Principles and Applications of Soil Microbiology (Record no. 52416)

MARC details
000 -LEADER
fixed length control field 00561nam a22001937a 4500
003 - CONTROL NUMBER IDENTIFIER
control field OSt
008 - FIXED-LENGTH DATA ELEMENTS--GENERAL INFORMATION
fixed length control field 260627b |||||||| |||| 00| 0 eng d
020 ## - INTERNATIONAL STANDARD BOOK NUMBER
International Standard Book Number 9780128202029
082 ## - DEWEY DECIMAL CLASSIFICATION NUMBER
Classification number 631.46
Item number G33P
245 ## - TITLE STATEMENT
Title Principles and Applications of Soil Microbiology
Statement of responsibility, etc. Edited by - Gentry, Terry J.
260 ## - PUBLICATION, DISTRIBUTION, ETC. (IMPRINT)
Place of publication, distribution, etc Netherlands
Name of publisher, distributor, etc Elsevier Inc.
Date of publication, distribution, etc 2021
300 ## - PHYSICAL DESCRIPTION
Extent xviii., 723p.
365 ## - TRADE PRICE
Price note 13864.00, INR
650 ## - SUBJECT ADDED ENTRY--TOPICAL TERM
Topical term or geographic name as entry element Soil microbiology.
650 ## - SUBJECT ADDED ENTRY--TOPICAL TERM
Topical term or geographic name as entry element Agricultural microbiology.
700 ## - ADDED ENTRY--PERSONAL NAME
Personal name Fuhrmann, Jeffry J.
700 ## - ADDED ENTRY--PERSONAL NAME
Personal name Zuberer, David. A.
942 ## - ADDED ENTRY ELEMENTS (KOHA)
Source of classification or shelving scheme
Koha item type Books
Holdings
Withdrawn status Lost status Source of classification or shelving scheme Damaged status Not for loan Home library Current library Shelving location Date acquired Source of acquisition Currency Cost, normal purchase price Total Checkouts Full call number Barcode Date last seen Bill Date Koha item type Bill Number
          Dr. Rajendra Prasad Central Agricultural University Pusa, Dr. Rajendra Prasad Central Agricultural University Pusa, General Stacks 27/06/2026 TTPP, New Delhi INR 13864.00   631.46 G33P 87641 27/06/2026 29/01/2026 Books IN-00449
Hosted, Implemented, Customized & Maintained by: BestBookBuddies

Powered by Koha